Sztuka Starożytnej Grecji z Różnych Okresów - Statystyki

Ogólne statystyki
  • Ten quiz został rozwiązany 24 razy
    23 od ostatniego zresetowania
  • Średni wynik to 17 z 35
Statystyki odpowiedzi
Zagadnienie Odpowiedź % Poprawnych
1.Okres Archaiczny(9W-6Wp.n.e)
67%
1.Okres Archaiczny(9W-6Wp.n.e)
67%
1.Okres Archaiczny(9W-6Wp.n.e)
67%
1.Okres Archaiczny(9W-6Wp.n.e)
67%
2.Klasyczny (5Wp.n.e)
67%
2.Klasyczny(5Wp.n.e)
67%
2.Klasyczny(5Wp.n.e)
67%
2.Klasyczny(5Wp.n.e)
67%
2.Klasyczny(5Wp.n.e)
67%
2.Klasyczny(4Wp.n.e)
67%
3.Hellenistyczny(3Wp.n.e)
67%
3.Hellenistyczny(3Wp.n.e)
67%
3.Hellenistyczny(100r.p.n.e)
67%
1.Okres Archaiczny(9W-6Wp.n.e)
50%
1.Okres Archaiczny(9W-6Wp.n.e)
50%
2.Klasyczny(5Wp.n.e)
50%
2.Klasyczny(5Wp.n.e)
50%
2.Klasyczny(5Wp.n.e)
50%
2.Klasyczny(5Wp.n.e)
50%
2.Klasyczny(5Wp.n.e)
50%
2.Klasyczny(4Wp.n.e)
50%
2.Klasyczny(4Wp.n.e)
50%
3.Hellenistyczny(2Wp.n.e)
50%
2.Klasyczny(5Wp.n.e)
33%
2.Klasyczny(5Wp.n.e)
33%
2.Klasyczny(5Wp.n.e)
33%
2.Klasyczny(4Wp.n.e)
33%
2.Klasyczny(4Wp.n.e)
33%
3.Hellenistyczny(2Wp.n.e-1Wn.e)
33%
3.Hellenistyczny(180-160Wp.n.e)
33%
2.Klasyczny(4Wp.n.e)
17%
3.Hellenistyczny(130-100Wp.n.e)
17%
3.Hellenistyczny(1Wp.n.e)
17%
2.Klasyczny(4Wp.n.e)
0%
3.Hellenistyczny(3-2Wp.n.e)
0%
Nie znaleziono quizów pasujących do podanych kryteriów
Rozkład punktacji
Procent ludzi z każdym wynikiem
Percentyl według liczby udzielonych odpowiedzi
Twoja historia wyników
Nie rozwiązałeś tego quizu od ostatniego zresetowania